1002 1745 1706 1991 1382 1255 1169 1739 1788 1262 1580 1597 1484 1531 1462 1082 1640 1377 1855 1819 1155 1439 1855 1078 1655 1606 1863 1967 1410 1197 1940 1336 1105 1924 1081 1198 1818 1562 1815 1315 1982 1705 1124 1190 1169 1406 1666 1688 1457 1732 1355 1775 1568 1846 1978 1853 1081 1804 1228 1741 1381 1507 1891 1820 1806 1885 1482 1333 1997 1432 1339 1935 1841 1627 1733 1468 1515 1161 1169 1753 1533 1135 1297 1064 1647 1268 1781 1407 1942 1692 1402 1788 1134 1323 1931 1278 1713 1479 1883 BCNSPRNW ULIB Ver.6.0+V

เปลี่ยนเป็นภาษาไทย

Change to English
 แสดงรายละเอียดบรรณานุกรม
  กลับหน้าหลัก

Brief Record : Get Marc (ISO 2709) : E-mail record : QR code < ปิดหน้าต่าง
LEADER : 00000nam 2200000uu 4500
001    13399120833
003     ULIB
008    020711s2550 th a 000 0 tha d
020    9789748485409
050    BJ195^bป387ม
100    ประสงค์ ศิริวิริยะกุล
245    มหัศจรรย์แห่งชีวิต/^cประสงค์ ศิริวิริยะกุล
250    พิมพ์ครั้งที่ 1
260    กรุงเทพฯ :^bสรรพสาร,^c2550
300    80 หน้า
945    ^p0^l0^i16165
999    ^aทศพร เกษรทอง
รายการนี้ยังไม่มีแท็ก
คุณยังไม่ได้ล็อกอิน คุณสามารถมีกิจกรรมร่วมกับเว็บไซต์ได้ แต่ต้องล็อกอินก่อน ::
  ล็อกอิน

รายการสื่อสารสนเทศ

ลำดับที่ ประเภท เลขเรียก/บาร์โค้ด สถานที่ สถานะ
1. วิทยาศาสตร์การแพทย์ และสุขภาพ
วิทยาศาสตร์การแพทย์ และสุขภาพ
BJ195 ป387ม  
  Barcode: 16165
ห้องสมุดวิทยาเขตสวรรค์ประชารักษ์
►หนังสือทั่วไป
บนชั้น

BibComment


ยังไม่เคยถูกคอมเมนท์

คอมเมนท์ทรัพยากรรายการนี้
  คอมเมนท์: มหัศจรรย์แห่งชีวิ..


 Copyright 2026. Bcnsprnw @Library